Contributions of Members of Parliament: Zanetor Agyeman-Rawlings Korle Klottey Constituency, Greater Accra (Record no. 5139)

MARC details
000 -LEADER
fixed length control field 00669nam a22001937a 4500
003 - CONTROL NUMBER IDENTIFIER
control field OSt
005 - DATE AND TIME OF LATEST TRANSACTION
control field 20250318142116.0
008 - FIXED-LENGTH DATA ELEMENTS--GENERAL INFORMATION
fixed length control field 250318b |||||||| |||| 00| 0 eng d
041 ## - LANGUAGE CODE
Language code of text/sound track or separate title English
082 ## - DEWEY DECIMAL CLASSIFICATION NUMBER
Classification number 328.331P Acc No. 10,978
110 ## - MAIN ENTRY--CORPORATE NAME
Corporate name or jurisdiction name as entry element Parliament of Ghana Library
245 ## - TITLE STATEMENT
Title Contributions of Members of Parliament: Zanetor Agyeman-Rawlings Korle Klottey Constituency, Greater Accra
260 ## - PUBLICATION, DISTRIBUTION, ETC.
Place of publication, distribution, etc. [Accra] ;
Name of publisher, distributor, etc. Parliament of Ghana,
Date of publication, distribution, etc. [2025].
300 ## - PHYSICAL DESCRIPTION
Extent 74p.;
490 ## - SERIES STATEMENT
Series statement Library Collection on Members Contributions Series
500 ## - GENERAL NOTE
General note Includes Index
653 ## - INDEX TERM--UNCONTROLLED
Uncontrolled term Agyeman-Rawlings, Zanetor -Contribution on the floor of Parliament
942 ## - ADDED ENTRY ELEMENTS (KOHA)
Source of classification or shelving scheme Dewey Decimal Classification
Koha item type Books
Suppress in OPAC No
Holdings
Withdrawn status Lost status Source of classification or shelving scheme Damaged status Not for loan Home library Current library Shelving location Date acquired Total checkouts Full call number Date last seen Copy number Price effective from Koha item type
    Dewey Decimal Classification     Main Library Main Library Open Shelves 18/03/2025   328.331P Acc No. 10,978 18/03/2025 1 18/03/2025 Books
©2026  Parliament of Ghana Library - All rights reserved